000 00362cam a22001337a 4500
008 180718b1981 xxu||||| |||| 00| 0 eng d
082 _aJ7 W152
100 _aWalker, Bruce
245 _aWelfare economics and urban problems
_cby Bruce Walker
260 _aLondon
_bHutchinson
_c1981
300 _a319p.
650 _aUrban economics
650 _aWelfare economics
999 _c430182
_d430182